[Event "4NCL Online Division 5"]
[Site "online"]
[Date "2020.06.02"]
[Round "9.42"]
[White "Doherty, Paul"]
[Black "Gemmell, John"]
[Result "1/2-1/2"]
[WhiteElo "1738"]
[BlackElo "1930"]
[PlyCount "136"]
[EventDate "2020.06.02"]
[WhiteTeam "Bolton & Worsley"]
[BlackTeam "St Albans 2"]

1. e4 c5 2. Nc3 Nc6 3. f4 e6 4. Nf3 d5 5. Bb5 Nf6 6. e5 Nd7 7. O-O Be7 8. Bxc6
bxc6 9. Qe1 O-O 10. d3 Re8 11. Qg3 Nf8 12. b3 Rb8 13. Na4 Ba6 14. c4 Qa5 15.
Bd2 Qc7 16. Nc3 Red8 17. Rf2 Ng6 18. h4 Bf8 19. h5 Ne7 20. Nh4 Qd7 21. Raf1 Nf5
22. Nxf5 exf5 23. Nd1 Qe6 24. Ne3 Bc8 25. Qh3 d4 26. Nd1 Ra8 27. Ba5 Rd7 28.
Qf3 Be7 29. g3 Bd8 30. Bxd8 Rxd8 31. Rg2 a5 32. Nf2 f6 33. exf6 Qxf6 34. g4
fxg4 35. Nxg4 Bxg4 36. Qxg4 Re8 37. Rf3 Ra7 38. Qg5 Rf7 39. Qxf6 Rxf6 40. Rg5
Re3 41. Kf2 Rfe6 42. f5 Rxf3+ 43. Kxf3 Re3+ 44. Kf4 Kf7 45. f6 gxf6 46. Rxc5
Rxd3 47. Ke4 Rd2 48. Rxc6 Rxa2 49. Rc7+ Ke6 50. Rxh7 a4 51. bxa4 Rxa4 52. Kxd4
Ra1 53. Rh8 Rd1+ 54. Kc5 Rh1 55. Kc6 f5 56. c5 f4 57. h6 Ke7 58. h7 f3 59. Ra8
f2 60. h8=Q Rxh8 61. Ra1 Kd8 62. Rf1 Rf8 63. Kb7 Rf7+ 64. Kb6 Kc8 65. Ka6 Kc7
66. Kb5 Rf4 67. c6 Rf5+ 68. Kc4 Kxc6 1/2-1/2

[Event "4NCL Online Division 5"]
[Site "online"]
[Date "2020.06.02"]
[Round "9.43"]
[White "Sommerbauer-Cornell, Ben"]
[Black "Lamb, Ian"]
[Result "1-0"]
[WhiteElo "1825"]
[BlackElo "1568"]
[PlyCount "91"]
[EventDate "2020.06.02"]
[WhiteTeam "St Albans 2"]
[BlackTeam "Bolton & Worsley"]

1. d4 e6 2. Nf3 Nf6 3. c4 d5 4. Nc3 Be7 5. Bg5 O-O 6. e3 h6 7. Bh4 c6 8. Bd3
Nbd7 9. O-O Re8 10. Qc2 Nh5 11. Bxe7 Qxe7 12. e4 dxe4 13. Bxe4 Nhf6 14. Bd3 b6
15. Rfe1 Bb7 16. Ne5 Nxe5 17. dxe5 Nd7 18. f4 Nc5 19. Rad1 Nxd3 20. Rxd3 Rad8
21. Ne4 Rxd3 22. Qxd3 Rd8 23. Nd6 c5 24. Rd1 Qd7 25. b3 Qc6 26. Rd2 Ba8 27. Qg3
Rd7 28. f5 Kh8 29. fxe6 fxe6 30. Qg6 Kg8 31. Ne8 Kh8 32. Nd6 Kg8 33. Qxe6+ Kh7
34. Rf2 Bb7 35. h3 Ba8 36. Rd2 Bb7 37. Rd5 Qc7 38. Nxb7 Re7 39. Qf5+ g6 40. Qf6
Qxb7 41. Rd6 Rg7 42. e6 Re7 43. Rd8 Rg7 44. Qf8 g5 45. Qf5+ Rg6 46. Rd7+ 1-0

[Event "4NCL Online Division 5"]
[Site "online"]
[Date "2020.06.02"]
[Round "9.44"]
[White "Busznyak, Arpad"]
[Black "Millar, Stephen"]
[Result "0-1"]
[WhiteElo "1570"]
[BlackElo "1817"]
[PlyCount "103"]
[EventDate "2020.06.02"]
[WhiteTeam "Bolton & Worsley"]
[BlackTeam "St Albans 2"]

1. d4 Nf6 2. c4 e6 3. Nc3 d5 4. Bg5 Be7 5. e3 O-O 6. Bd3 c5 7. Nf3 cxd4 8. exd4
Nc6 9. cxd5 exd5 10. h3 Re8 11. O-O Ne4 12. Bf4 Bf5 13. Re1 Bf6 14. Bc2 Rc8 15.
Rc1 Re6 16. a3 Nxc3 17. bxc3 Bxc2 18. Rxc2 Rxe1+ 19. Nxe1 Qa5 20. Bd6 Nd8 21.
Qe2 Ne6 22. Rb2 Qxc3 23. Nf3 b6 24. Rb5 Nxd4 25. Nxd4 Qxd4 26. Rb1 h6 27. Rd1
Qc4 28. Qf3 d4 29. Qb7 Qc6 30. Qxc6 Rxc6 31. Bf4 Rc3 32. Ra1 Be7 33. a4 d3 34.
Kf1 Bb4 35. Bb8 a5 36. Bf4 Rc2 37. Rd1 Rc3 38. f3 Kf8 39. Kf2 Bc5+ 40. Ke1 Ke7
41. Kd2 Ra3 42. Ke1 Ke6 43. Kf1 Kd5 44. Rc1 Rxa4 45. Bd2 Ra3 46. Bc3 f6 47. Ke1
b5 48. Kd2 b4 49. Ba1 Bd4 50. Bxd4 Kxd4 51. Rc7 Ra2+ 52. Kd1 0-1

[Event "4NCL Online Division 5"]
[Site "online"]
[Date "2020.06.02"]
[Round "9.51"]
[White "Marshall, John R"]
[Black "Millar, Greg F"]
[Result "0-1"]
[WhiteElo "1652"]
[BlackElo "1727"]
[PlyCount "86"]
[EventDate "2020.06.02"]
[WhiteTeam "Temple Sutton"]
[BlackTeam "Maryport Assassins B"]

1. d4 d5 2. c4 c6 3. Nc3 dxc4 4. a4 Nf6 5. e4 e5 6. dxe5 Qxd1+ 7. Kxd1 Ng4 8.
Ke1 Bc5 9. Nh3 Nxe5 10. f4 Bxh3 11. gxh3 Nf3+ 12. Kd1 Na6 13. Bxc4 O-O-O+ 14.
Ke2 Nd4+ 15. Kf1 Nc2 16. Rb1 Nc7 17. f5 f6 18. Bf4 Ne3+ 19. Bxe3 Bxe3 20. Ke2
Bf4 21. Kf3 Bg5 22. Rbd1 a6 23. Rxd8+ Rxd8 24. Rd1 Rxd1 25. Nxd1 b5 26. axb5
axb5 27. Bg8 h5 28. Ne3 Kd7 29. Bf7 h4 30. Ng2 Kd6 31. Kg4 Ke5 32. Kf3 b4 33.
b3 Nb5 34. Ne1 Kd4 35. Nc2+ Kc3 36. Ne3 Nd4+ 37. Kf2 Nxb3 38. Nd1+ Kc2 39. Ne3+
Bxe3+ 40. Kxe3 Nd2 41. Be8 b3 42. Bxc6 b2 43. Ba4+ Kc1 0-1

[Event "4NCL Online Division 5"]
[Site "online"]
[Date "2020.06.02"]
[Round "9.52"]
[White "Stone, Ian C"]
[Black "Perks, Gary M"]
[Result "1-0"]
[WhiteElo "1675"]
[BlackElo "1577"]
[PlyCount "156"]
[EventDate "2020.06.02"]
[WhiteTeam "Maryport Assassins B"]
[BlackTeam "Temple Sutton"]

1. e4 d5 2. exd5 Qxd5 3. Nc3 Qd8 4. d4 Bf5 5. Nf3 Nf6 6. Bd3 Bg4 7. h3 Bh5 8.
O-O Nc6 9. Bb5 a6 10. Bxc6+ bxc6 11. Re1 e6 12. Qd3 Bg6 13. Qe2 h6 14. Bf4 Bd6
15. Ne5 Bxe5 16. Bxe5 O-O 17. Na4 Nd5 18. c3 Nb6 19. Nc5 a5 20. Rad1 Re8 21. b3
Nd7 22. Nxd7 Qxd7 23. Qg4 Qe7 24. Rd2 f6 25. Qxg6 fxe5 26. Rxe5 Qf6 27. Qe4
Rad8 28. Qxc6 Rd6 29. Qxc7 Rdd8 30. Rde2 Qf4 31. R2e3 Rc8 32. Qxa5 Rf8 33. Qa6
Qxf2+ 34. Kh1 Ra8 35. Qe2 Rxa2 36. Qxf2 Rfxf2 37. Rxe6 Rxg2 38. d5 Rh2+ 39. Kg1
Rag2+ 40. Kf1 Rf2+ 41. Ke1 Rb2 42. Re2 Rh1+ 43. Kf2 Rh2+ 44. Kf3 Rxh3+ 45. Kg2
Rxe2+ 46. Rxe2 Rxc3 47. d6 Rd3 48. Re6 Kf7 49. Re7+ Kf8 50. Re6 Rxb3 51. d7 Rb8
52. Rc6 Rd8 53. Kf3 Rxd7 54. Kg4 Kf7 55. Rc5 Rd6 56. Kh5 Kf6 57. Ra5 Re6 58.
Ra7 Re5+ 59. Kh4 Re4+ 60. Kg3 h5 61. Kf3 Re6 62. Ra5 Re5 63. Ra6+ Kf5 64. Ra7
Kf6 65. Ra6+ Kg5 66. Ra7 g6 67. Ra6 h4 68. Kf2 Kf5 69. Ra8 g5 70. Kg2 Kf4 71.
Kf2 h3 72. Rf8+ Kg4 73. Rh8 Rf5+ 74. Kg1 Kg3 75. Rh5 Re5 76. Kf1 h2 77. Rh6
Rf5+ 78. Ke2 Kg2 1-0

[Event "4NCL Online Division 5"]
[Site "online"]
[Date "2020.06.02"]
[Round "9.53"]
[White "Pool, Melvin R"]
[Black "Tyson, Terry"]
[Result "1-0"]
[WhiteElo "1585"]
[BlackElo "1667"]
[PlyCount "87"]
[EventDate "2020.06.02"]
[WhiteTeam "Temple Sutton"]
[BlackTeam "Maryport Assassins B"]

1. e4 d5 2. e5 c5 3. Nf3 Bf5 4. Bb5+ Nc6 5. d4 e6 6. Be3 Qb6 7. Bxc6+ bxc6 8.
b3 Bg4 9. c3 cxd4 10. cxd4 Bb4+ 11. Nbd2 Ne7 12. O-O O-O 13. h3 Bh5 14. g4 Bg6
15. Bg5 Bd3 16. a3 Bxd2 17. Bxe7 Rfe8 18. Bc5 Qb7 19. Nxd2 Bxf1 20. Qxf1 a5 21.
Qd3 Qb5 22. Qxb5 cxb5 23. g5 f6 24. f4 Rab8 25. h4 Rb7 26. h5 fxg5 27. fxg5 Rf7
28. Rf1 g6 29. hxg6 hxg6 30. Rf6 Rxf6 31. gxf6 Kf7 32. Nf3 Rh8 33. Ng5+ Ke8 34.
f7+ Kd7 35. f8=Q Rxf8 36. Bxf8 a4 37. b4 Ke8 38. Bc5 Kd7 39. Bd6 Ke8 40. Nxe6
Kf7 41. Nf4 g5 42. Nxd5 Ke6 43. Nc7+ Kf5 44. Nxb5 1-0

[Event "4NCL Online Division 5"]
[Site "online"]
[Date "2020.06.02"]
[Round "9.54"]
[White "McAtear, Andrew G"]
[Black "Audhora, Purba"]
[Result "0-1"]
[WhiteElo "1600"]
[BlackElo "1577"]
[PlyCount "182"]
[EventDate "2020.06.02"]
[WhiteTeam "Maryport Assassins B"]
[BlackTeam "Temple Sutton"]

1. f4 Nc6 2. e3 d5 3. Nf3 Nf6 4. Be2 Bf5 5. O-O e6 6. d4 Bd6 7. c3 Ne4 8. Nbd2
Qf6 9. Ne5 Bxe5 10. fxe5 Qg6 11. Nxe4 Bxe4 12. Bf3 Bf5 13. b4 O-O 14. a4 Ne7
15. Qd2 Rad8 16. Ba3 Rfe8 17. Qf2 a6 18. b5 a5 19. Qh4 Nc8 20. Bc1 Be4 21. Rf2
Bxf3 22. Rxf3 Qe4 23. Rf4 Qc2 24. Qe1 Ne7 25. Rf2 Qg6 26. Ba3 Nf5 27. e4 dxe4
28. Qxe4 b6 29. Raf1 Rd7 30. g4 Nh6 31. Qxg6 hxg6 32. h3 Rc8 33. Rf3 Rd5 34.
Bb2 c5 35. bxc6 Rxc6 36. Rc1 Rc4 37. Ra1 b5 38. axb5 Rxb5 39. Ra2 a4 40. Ba3
Rb3 41. Bb4 Rcxb4 42. cxb4 Rxf3 43. Kg2 Rd3 44. Rxa4 Rxd4 45. Ra8+ Kh7 46. b5
Rb4 47. Rb8 Ng8 48. b6 Ne7 49. Rb7 Nd5 50. Rxf7 Rxb6 51. Kg3 Nb4 52. Rd7 Rb5
53. Rd4 Nc6 54. Rd6 Nxe5 55. Rxe6 Nd7 56. h4 Nf6 57. g5 Nh5+ 58. Kf3 Rb4 59.
Re4 Rb1 60. Ke3 Ng3 61. Rg4 Nf5+ 62. Kf2 Kg8 63. Ke2 Rh1 64. Kd3 Nxh4 65. Ke4
Nf5 66. Ke5 Re1+ 67. Kf4 Kf7 68. Kf3 Re5 69. Rf4 Kg8 70. Re4 Rd5 71. Kf4 Rd1
72. Kg4 Rg1+ 73. Kf4 Kf7 74. Re5 Nd4 75. Rd5 Ne6+ 76. Kf3 Nxg5+ 77. Kf2 Rg4 78.
Rd7+ Kg8 79. Rd8+ Kh7 80. Rd5 Rf4+ 81. Kg3 Rf5 82. Rd4 Ne6 83. Re4 Nc5 84. Re8
g5 85. Kg4 Rd5 86. Re7 Kh6 87. Rc7 g6 88. Rc8 Ne6 89. Rc6 Rd4+ 90. Kg3 Nf4 91.
Rc1 Ne2+ 0-1

[Event "4NCL Online Division 5"]
[Site "online"]
[Date "2020.06.02"]
[Round "9.61"]
[White "Yogit, S."]
[Black "Monga, Kanav"]
[Result "1-0"]
[WhiteElo "2084"]
[BlackElo "1682"]
[PlyCount "81"]
[EventDate "2020.06.02"]
[WhiteTeam "Uxbridge Knights 1"]
[BlackTeam "Warwickshire Bears B"]

1. e4 c5 2. Nf3 d6 3. d4 cxd4 4. Nxd4 Nf6 5. Nc3 g6 6. Be3 Bg7 7. f3 a6 8. Qd2
b5 9. a4 b4 10. Nd5 Bb7 11. Nxb4 Nbd7 12. Bc4 Qc7 13. Bb3 Rc8 14. O-O O-O 15.
Rac1 Ne5 16. Nd3 Nc4 17. Bxc4 Qxc4 18. b3 Qc7 19. Ne2 Rfe8 20. Bd4 e5 21. Bb2
Nd7 22. Nc3 Nf6 23. Kh1 Qd8 24. Nb4 Qa5 25. Ba3 Qc5 26. Nb1 Qa5 27. Rcd1 Qc7
28. c4 Nh5 29. Qxd6 Qxd6 30. Rxd6 Rcd8 31. Rfd1 Rxd6 32. Rxd6 Nf4 33. Rd5 Bxd5
34. cxd5 Rb8 35. Nd2 Rb7 36. Nxa6 Bf8 37. Bxf8 Kxf8 38. Nc5 Rc7 39. b4 Ke7 40.
Nc4 Nd3 41. d6+ 1-0

[Event "4NCL Online Division 5"]
[Site "online"]
[Date "2020.06.02"]
[Round "9.62"]
[White "Dicen, Elis Denele"]
[Black "Hughes, Colin"]
[Result "1/2-1/2"]
[WhiteElo "1697"]
[BlackElo "1847"]
[PlyCount "87"]
[EventDate "2020.06.02"]
[WhiteTeam "Warwickshire Bears B"]
[BlackTeam "Uxbridge Knights 1"]

1. e4 c5 2. Nf3 d6 3. d4 cxd4 4. Nxd4 Nf6 5. Nc3 a6 6. Be3 e6 7. Bd3 Be7 8. O-O
Bd7 9. Qd2 Nc6 10. Nxc6 Bxc6 11. f3 Qc7 12. Rad1 O-O 13. Bg5 Rfd8 14. Kh1 b5
15. Ne2 d5 16. exd5 Bxd5 17. Qc1 Rac8 18. Qb1 Qb7 19. c3 h6 20. Bh4 Rd7 21.
Bxf6 Bxf6 22. Be4 Rcd8 23. Bxd5 Rxd5 24. Nf4 R5d7 25. Nd3 Qc6 26. Nf2 Qc4 27.
a3 Qb3 28. Rxd7 Rxd7 29. Ne4 Be7 30. Qc1 Qd5 31. Qe1 Qd3 32. Qf2 Rd5 33. Re1
Rd7 34. h3 f5 35. Nc5 Bxc5 36. Qxc5 Kf7 37. Qe5 Qd5 38. Qe2 Rd6 39. Qe3 Qd2 40.
Qe5 Qd3 41. Qg3 Qd2 42. Qe5 Qd3 43. Qc5 Qd2 44. Qe5 1/2-1/2

[Event "4NCL Online Division 5"]
[Site "online"]
[Date "2020.06.02"]
[Round "9.63"]
[White "Colter, Nigel"]
[Black "Fellowes, Billy"]
[Result "1-0"]
[WhiteElo "1780"]
[BlackElo "1555"]
[PlyCount "93"]
[EventDate "2020.06.02"]
[WhiteTeam "Uxbridge Knights 1"]
[BlackTeam "Warwickshire Bears B"]

1. d4 e6 2. Nf3 Nf6 3. Nbd2 Nc6 4. e3 d5 5. Bd3 Bd6 6. O-O O-O 7. b3 e5 8. dxe5
Nxe5 9. Nxe5 Bxe5 10. Rb1 Ng4 11. h3 Nh6 12. Qh5 Bd6 13. Nf3 Qf6 14. Bb2 Qe7
15. Qxd5 Rb8 16. Rfe1 Be6 17. Qd4 f6 18. Qxa7 Bd5 19. Bc4 Bxc4 20. bxc4 Bc5 21.
Qa4 Ra8 22. Qb3 b6 23. Red1 Kh8 24. Rd5 Ba3 25. Rbd1 Bxb2 26. Qxb2 Ra4 27. Rd7
Qc5 28. Qd4 Rxc4 29. Qxc5 Rxc5 30. Nd4 Re8 31. Rd3 Kg8 32. Ra3 Nf7 33. Ra7 Rc8
34. f4 g6 35. Kf2 Nd6 36. Ke2 Rc3 37. Re7 h5 38. Kd2 Kf8 39. Kxc3 Kxe7 40. Kd3
f5 41. Nc6+ Kd7 42. Ne5+ Ke6 43. Nxg6 Rg8 44. Ne5 Rxg2 45. Rxc7 Ne4 46. Rc6+
Kd5 47. c4# 1-0

[Event "4NCL Online Division 5"]
[Site "online"]
[Date "2020.06.02"]
[Round "9.64"]
[White "Wong, Tristan"]
[Black "Price, Michael C"]
[Result "0-1"]
[WhiteElo "1622"]
[BlackElo "1747"]
[PlyCount "98"]
[EventDate "2020.06.02"]
[WhiteTeam "Warwickshire Bears B"]
[BlackTeam "Uxbridge Knights 1"]

1. d4 d5 2. Bf4 Nf6 3. Nc3 e6 4. Nb5 Na6 5. e3 c6 6. Nc3 Nc7 7. Bd3 a5 8. Nf3
b5 9. O-O Ba6 10. e4 b4 11. Na4 dxe4 12. Bxa6 Nxa6 13. Nd2 Qxd4 14. Be3 Qd6 15.
Nb6 Rb8 16. Nbc4 Qd8 17. Qe2 Bc5 18. Nxe4 Nxe4 19. Bxc5 Naxc5 20. Rad1 Qc7 21.
f3 Nf6 22. Nd6+ Kf8 23. Qe5 Ncd7 24. Qg3 g6 25. Kh1 Qa7 26. Nc4 Kg7 27. Rd6 Qc5
28. b3 Nb6 29. Qe5 Qxe5 30. Nxe5 Nbd5 31. Rxc6 Rbc8 32. Re1 Rxc6 33. Nxc6 Rc8
34. Nxa5 Rxc2 35. Ra1 Nc3 36. h3 Nfd5 37. a4 bxa3 38. Rxa3 Ra2 39. Rxa2 Nxa2
40. Kg1 Nc1 41. Kf2 Kf6 42. Ke1 Kg5 43. Kd1 Na2 44. Nc4 Kf4 45. Ke1 Kg3 46. Kf1
Nf4 47. Ne3 Nb4 48. Kg1 Ne2+ 49. Kf1 Nd4 0-1

[Event "4NCL Online Division 5"]
[Site "online"]
[Date "2020.06.02"]
[Round "9.72"]
[White "Gurjar, Roshan"]
[Black "Chilton, James I"]
[Result "1-0"]
[WhiteElo "1712"]
[BlackElo "1725"]
[PlyCount "75"]
[EventDate "2020.06.02"]
[WhiteTeam "Chess Warriors"]
[BlackTeam "Wessex Some Stars C"]

1. e4 c5 2. Nf3 e6 3. d4 cxd4 4. Nxd4 a6 5. Nc3 Nc6 6. Be3 Qc7 7. f3 Nf6 8. Qd2
b5 9. O-O-O Bb7 10. Kb1 Bb4 11. Nxc6 Qxc6 12. Be2 d5 13. h4 dxe4 14. Bd4 Nd5
15. fxe4 Nxc3+ 16. bxc3 O-O-O 17. cxb4 e5 18. Bg4+ Kb8 19. Bxe5+ Ka7 20. Qxd8
Rxd8 21. Rxd8 a5 22. Bb8+ Ka8 23. Rhd1 axb4 24. Be5+ Ka7 25. R1d6 Qxe4 26. Bxg7
Bc6 27. Bd4+ Kb7 28. Bc8+ Kc7 29. h5 Qxg2 30. Be5 Kb6 31. Bd7 Qh1+ 32. Kb2 Qxh5
33. Rxc6+ Kb7 34. Rc7+ Ka6 35. Ra8+ Kb6 36. Rb8+ Ka6 37. Bxb5+ Ka5 38. Ra7# 1-0

[Event "4NCL Online Division 5"]
[Site "online"]
[Date "2020.06.02"]
[Round "9.73"]
[White "Pankaj Tomar"]
[Black "Vyas, Alisha"]
[Result "1-0"]
[WhiteElo "1525"]
[BlackElo "1675"]
[PlyCount "123"]
[EventDate "2020.06.02"]
[WhiteTeam "Wessex Some Stars C"]
[BlackTeam "Chess Warriors"]

1. e4 c5 2. Nf3 d6 3. d4 cxd4 4. Nxd4 Nf6 5. Nc3 g6 6. f3 Bg7 7. Be3 O-O 8. Be2
Nc6 9. Qd2 Bd7 10. g4 h5 11. h3 a6 12. Nb3 Qc7 13. O-O-O Rac8 14. Bh6 Ne5 15.
Bxg7 Kxg7 16. gxh5 Nxh5 17. Nd5 Qd8 18. f4 Nc4 19. Qc3+ Kh7 20. Bxh5 Na3 21.
Nc5 Nxc2 22. Nxd7 Rxc3 23. Nxf8+ Qxf8 24. Nxc3 Ne3 25. Rd3 Ng2 26. Bd1 Nxf4 27.
Rf3 Ne6 28. h4 f6 29. Nd5 Nc5 30. Bc2 Ne6 31. Rf2 Nd4 32. Kb1 Nxc2 33. Rxc2 e6
34. Rc7+ Kh6 35. Nf4 d5 36. Rg1 Qe8 37. Rxb7 dxe4 38. Rxg6+ Qxg6 39. Nxg6 Kxg6
40. Rb6 Kh5 41. Rxe6 f5 42. Rxa6 Kxh4 43. a4 Kg3 44. Re6 Kf3 45. a5 e3 46. a6
f4 47. a7 Kf2 48. a8=Q e2 49. Qe4 f3 50. Qe3+ Kg2 51. Rf6 Kg3 52. Rxf3+ Kg4 53.
Rf8 e1=Q+ 54. Qxe1 Kg5 55. Qg1+ Kh6 56. b4 Kh7 57. b5 Kh6 58. b6 Kh7 59. b7 Kh6
60. b8=Q Kh7 61. Rf2 Kh6 62. Kc2 1-0

[Event "4NCL Online Division 5"]
[Site "online"]
[Date "2020.06.02"]
[Round "9.74"]
[White "Gurjar, Siena"]
[Black "Cuthbert, Larissa"]
[Result "0-1"]
[WhiteElo "1382"]
[BlackElo "1010"]
[PlyCount "150"]
[EventDate "2020.06.02"]
[WhiteTeam "Chess Warriors"]
[BlackTeam "Wessex Some Stars C"]

1. e4 e6 2. d4 d5 3. exd5 exd5 4. Bf4 Nc6 5. Nc3 Be6 6. Bb5 Nf6 7. a3 Bd6 8.
Bg5 h6 9. Be3 Qd7 10. Nf3 O-O-O 11. Ne5 Bxe5 12. dxe5 Ng4 13. Bf4 d4 14. Na2
Bxa2 15. Rxa2 Ngxe5 16. O-O Qd5 17. Bxe5 Nxe5 18. c4 Nxc4 19. Bxc4 Qxc4 20. b3
Qd5 21. Qc2 Rd6 22. Rc1 Rc6 23. Qd2 Rxc1+ 24. Qxc1 Qxb3 25. Ra1 d3 26. Qe3 b6
27. Qh3+ Kb8 28. Qg3 Qb2 29. Rd1 Qxa3 30. Qxg7 Rd8 31. Qxh6 d2 32. h3 Qb2 33.
Qg5 Kc8 34. Qg4+ Kb7 35. Qg5 f6 36. Qf4 a5 37. Qe4+ Ka7 38. Qc6 Qe5 39. Qc2 Qc5
40. Rxd2 Qxc2 41. Rxc2 c5 42. Re2 Ka6 43. Re6 Rd1+ 44. Kh2 f5 45. Rf6 a4 46.
Rxf5 a3 47. Rf3 Ra1 48. h4 a2 49. Ra3+ Kb5 50. h5 Kb4 51. Ra8 Rd1 52. Rxa2 Rd4
53. Kg3 Rd8 54. Re2 c4 55. h6 Rh8 56. Re6 b5 57. f4 c3 58. f5 Kc5 59. f6 c2 60.
Re1 Rxh6 61. f7 Rf6 62. Re7 Kd6 63. Re1 Rxf7 64. Rc1 Rc7 65. Kf4 b4 66. g4 b3
67. g5 b2 68. Rxc2 Rxc2 69. g6 b1=Q 70. g7 Rf2+ 71. Ke3 Qe1+ 72. Kd4 Rd2+ 73.
Kc3 Qc1+ 74. Kb3 Rb2+ 75. Ka4 Qa1# 0-1

[Event "4NCL Online Division 5"]
[Site "online"]
[Date "2020.06.02"]
[Round "9.81"]
[White "Pike, Andrew"]
[Black "Moore, Eoin"]
[Result "0-1"]
[WhiteElo "1660"]
[BlackElo "1558"]
[PlyCount "70"]
[EventDate "2020.06.02"]
[WhiteTeam "Wigston 2"]
[BlackTeam "Kent KJCA Kestrels D"]

1. c4 Nf6 2. d4 g6 3. Nc3 d5 4. e3 Bg7 5. Nf3 O-O 6. Be2 c5 7. O-O Nc6 8. cxd5
Nxd5 9. a3 Bg4 10. h3 Bf5 11. Nxd5 Qxd5 12. dxc5 Qxc5 13. Qa4 Rfd8 14. e4 Nd4
15. exf5 Nxe2+ 16. Kh1 Qxf5 17. Be3 Bxb2 18. Rad1 Bg7 19. Rxd8+ Rxd8 20. Qxa7
Qb5 21. Qb6 Ng3+ 22. fxg3 Qxf1+ 23. Kh2 Qd3 24. Bc5 Rd7 25. Qa5 Qa6 26. Qb4 e6
27. h4 Qc6 28. Qa5 b5 29. Qb4 Rd5 30. Be7 Qc3 31. Qf4 e5 32. Qe4 Qc4 33. Qe1 e4
34. Ng5 h6 35. Qxe4 hxg5 0-1

[Event "4NCL Online Division 5"]
[Site "online"]
[Date "2020.06.02"]
[Round "9.82"]
[White "Dorman, Orla"]
[Black "Raine, Benjamin"]
[Result "1/2-1/2"]
[WhiteElo "1464"]
[BlackElo "1615"]
[PlyCount "62"]
[EventDate "2020.06.02"]
[WhiteTeam "Kent KJCA Kestrels D"]
[BlackTeam "Wigston 2"]

1. e4 e5 2. Nf3 Nc6 3. Bc4 h6 4. d4 exd4 5. Nxd4 Qf6 6. Nxc6 Qxc6 7. Bd3 Nf6 8.
O-O Bc5 9. Nc3 O-O 10. Nd5 Kh8 11. Nxf6 Qxf6 12. c3 a6 13. Bc2 d6 14. Qd3 g6
15. Bxh6 g5 16. Bxf8 Kg8 17. Bxd6 Bxd6 18. g3 Kg7 19. Rfe1 Be5 20. Bd1 Be6 21.
Qf3 Qg6 22. Qh5 Qf6 23. Bg4 Rh8 24. Qxh8+ Kxh8 25. Bxe6 Qxe6 26. Kg2 Kg7 27.
Rh1 Qc4 28. Rhe1 b6 29. a3 a5 30. Rad1 Qb3 31. Rb1 Qc2 1/2-1/2

[Event "4NCL Online Division 5"]
[Site "online"]
[Date "2020.06.02"]
[Round "9.83"]
[White "Mottram, Paul"]
[Black "Brightley-Davies, Ciaran"]
[Result "0-1"]
[WhiteElo "1570"]
[BlackElo "1454"]
[PlyCount "86"]
[EventDate "2020.06.02"]
[WhiteTeam "Wigston 2"]
[BlackTeam "Kent KJCA Kestrels D"]

1. d4 e6 2. c4 Nf6 3. Nc3 Bb4 4. e3 b6 5. Nge2 Bb7 6. a3 Bxc3+ 7. Nxc3 Ne4 8.
Nxe4 Bxe4 9. Qg4 Bg6 10. h4 h5 11. Qg3 d6 12. Be2 O-O 13. O-O Nd7 14. b4 Qe8
15. Bb2 Nf6 16. f3 Rc8 17. e4 Qd7 18. d5 e5 19. b5 a6 20. a4 a5 21. Bd3 Rfe8
22. Qf2 Re7 23. Rae1 Rce8 24. Bc1 Nh7 25. Re2 f5 26. exf5 Bxf5 27. Qe3 Nf6 28.
Bxf5 Qxf5 29. Rfe1 Nh7 30. Qe4 Qxe4 31. fxe4 Rf7 32. Rf1 Rxf1+ 33. Kxf1 Rf8+
34. Rf2 Nf6 35. Re2 Nxe4+ 36. Kg1 Ng3 37. Re1 Nf5 38. Bg5 Re8 39. Kf2 e4 40. g3
g6 41. Kg2 e3 42. Kf3 Nd4+ 43. Kf4 e2 0-1

[Event "4NCL Online Division 5"]
[Site "online"]
[Date "2020.06.02"]
[Round "9.84"]
[White "Chaban, Roxolana"]
[Black "Milligan, Alex"]
[Result "1-0"]
[WhiteElo "1462"]
[BlackElo "1487"]
[PlyCount "61"]
[EventDate "2020.06.02"]
[WhiteTeam "Kent KJCA Kestrels D"]
[BlackTeam "Wigston 2"]

1. e4 d6 2. d4 Nf6 3. Nc3 g6 4. Be3 a6 5. h3 b5 6. a3 Bb7 7. d5 Nbd7 8. Nge2
Bg7 9. g4 Ne5 10. Ng3 Nc4 11. Bxc4 bxc4 12. f4 c6 13. Qd2 cxd5 14. exd5 Qa5 15.
O-O-O Nd7 16. Bd4 Bxd4 17. Qxd4 O-O 18. h4 Qc5 19. Qd2 Nf6 20. g5 Ng4 21. Nge4
Qe3 22. Qxe3 Nxe3 23. Rd2 Nf5 24. h5 Bc8 25. Rdh2 Kg7 26. hxg6 Kxg6 27. Rxh7
Bd7 28. Ne2 Rg8 29. N2g3 Rg7 30. R7h6+ Nxh6 31. Rxh6# 1-0

[Event "4NCL Online Division 5"]
[Site "online"]
[Date "2020.06.02"]
[Round "9.91"]
[White "Vig, Sanjay"]
[Black "Morrell, Sean"]
[Result "1-0"]
[WhiteElo "1532"]
[BlackElo "1607"]
[PlyCount "66"]
[EventDate "2020.06.02"]
[WhiteTeam "Watford 3"]
[BlackTeam "Watford Juniors A"]

1. e4 e6 2. d4 d5 3. e5 c5 4. c3 Nc6 5. Nf3 Qb6 6. Bd3 cxd4 7. cxd4 Bd7 8. Nbd2
Nxd4 9. Nxd4 Qxd4 10. Nf3 Bb4+ 11. Kf1 Qb6 12. a3 Bc5 13. Qe2 a5 14. Rb1 Ne7
15. g4 O-O 16. h4 f6 17. exf6 Rxf6 18. g5 Rff8 19. b4 axb4 20. axb4 Bd6 21. Be3
Qc7 22. Rc1 Qb8 23. Bxh7+ Kxh7 24. g6+ Kg8 25. h5 Bb5 26. Qxb5 Rxf3 27. h6 Rxe3
28. hxg7 Kxg7 29. fxe3 Qf8+ 30. Kg1 Qf3 31. Qd3 Qg3+ 32. Kf1 Rf8+ 33. Ke2 Qg2+
1-0

[Event "4NCL Online Division 5"]
[Site "online"]
[Date "2020.06.02"]
[Round "9.92"]
[White "Dasgupta, Avyukt"]
[Black "Nokes, Oliver"]
[Result "1/2-1/2"]
[WhiteElo "1637"]
[BlackElo "1350"]
[PlyCount "61"]
[EventDate "2020.06.02"]
[WhiteTeam "Watford Juniors A"]
[BlackTeam "Watford 3"]

1. e4 e5 2. f4 exf4 3. Nf3 d5 4. exd5 Nf6 5. Nc3 Nxd5 6. Nxd5 Qxd5 7. d4 Bb4+
8. c3 Bd6 9. Bd3 O-O 10. O-O Bf5 11. c4 Qe6 12. c5 Bxd3 13. Qxd3 Be7 14. Bxf4
Nc6 15. Rae1 Qd7 16. Re4 Bxc5 17. Ne5 Nxe5 18. Bxe5 Bd6 19. Rh4 f5 20. Qb3+ Qf7
21. Qh3 Bxe5 22. dxe5 g6 23. g4 Rae8 24. Qc3 Qe7 25. Qh3 Qc5+ 26. Kh1 Re7 27.
gxf5 Qxe5 28. fxg6 Rxf1+ 29. Qxf1 Qd5+ 30. Kg1 Qg5+ 31. Qg2 1/2-1/2

[Event "4NCL Online Division 5"]
[Site "online"]
[Date "2020.06.02"]
[Round "9.93"]
[White "Hylands, Keith"]
[Black "Nagda, Maanav"]
[Result "1/2-1/2"]
[WhiteElo "1382"]
[BlackElo "1592"]
[PlyCount "60"]
[EventDate "2020.06.02"]
[WhiteTeam "Watford 3"]
[BlackTeam "Watford Juniors A"]

1. e4 e6 2. d4 d5 3. exd5 exd5 4. Bd3 Nc6 5. c3 Nf6 6. h3 Be6 7. Nf3 Be7 8.
Nbd2 h6 9. Nf1 Qd7 10. Ng3 a6 11. Be3 Bd6 12. Qc2 Qe7 13. O-O O-O 14. Rfe1 Qd7
15. Qd2 Rfe8 16. Bxh6 Bf8 17. Bg5 Nh7 18. Bxh7+ Kxh7 19. Qf4 Kg8 20. Qd2 Ne7
21. Bxe7 Bxe7 22. Qd3 Bf6 23. Nh5 Bd8 24. Ng3 c6 25. Re2 Bf6 26. Rae1 Rad8 27.
Ne5 Qc8 28. Nf3 Qd7 29. Ne5 Qc8 30. Nf3 Qd7 1/2-1/2

[Event "4NCL Online Division 5"]
[Site "online"]
[Date "2020.06.02"]
[Round "9.94"]
[White "Holland, Gabriella"]
[Black "Ramesh, Karthik R"]
[Result "1-0"]
[WhiteElo "1375"]
[BlackElo "1270"]
[PlyCount "101"]
[EventDate "2020.06.02"]
[WhiteTeam "Watford Juniors A"]
[BlackTeam "Watford 3"]

1. e4 e5 2. Nf3 Nc6 3. d4 exd4 4. c3 dxc3 5. Bc4 Bc5 6. Nxc3 Nf6 7. h3 Bb4 8.
e5 Bxc3+ 9. bxc3 Qe7 10. Qe2 d5 11. exf6 Qxe2+ 12. Bxe2 gxf6 13. Bf4 Kd7 14.
O-O Re8 15. Rfe1 Ne5 16. Nxe5+ fxe5 17. Bg4+ Kd6 18. Bxc8 Raxc8 19. Be3 c5 20.
Rab1 Rb8 21. Rb5 Rec8 22. f4 a6 23. Rbb1 e4 24. f5 Kc6 25. g4 b5 26. a3 a5 27.
Rec1 Kb6 28. Kg2 Ka6 29. Kg3 b4 30. axb4 cxb4 31. cxb4 Rxc1 32. Rxc1 Rxb4 33.
Bd2 Rb5 34. Ra1 e3 35. Bxe3 a4 36. Rxa4+ Kb7 37. Bd2 Rb3+ 38. Kh4 Kc6 39. Ra7
Rd3 40. Bf4 d4 41. Rxf7 Rf3 42. Be5 d3 43. Bc3 Kd5 44. Rd7+ Kc4 45. Ba5 Kb3 46.
f6 Kc2 47. f7 Rf2 48. Kg3 Rf6 49. Bb4 d2 50. Bxd2 h6 51. Bxh6 1-0